[Event "Alushta Blitz op"]
[Site "Alushta"]
[Date "2023.07.14"]
[Round "10"]
[White "Saratovskiy, Dmitiy"]
[Black "Kryakvin, Andrey"]
[Result "1-0"]
[WhiteElo "2035"]
[BlackElo "1526"]
[PlyCount "71"]
[EventDate "2023.07.14"]
[EventType "swiss (blitz)"]
[EventRounds "13"]
[EventCountry "UKR"]
[SourceTitle "CBM 215 Extra"]
[Source "ChessBase"]
[SourceDate "2023.09.30"]
[SourceVersion "1"]
[SourceVersionDate "2023.09.30"]
[SourceQuality "1"]

1. d4 Nf6 2. c4 e6 3. Nc3 d5 4. cxd5 exd5 5. Bg5 Be7 6. e3 c6 7. Bd3 Nbd7 8. Qc2 0-0 9. Nf3 h6 10. Bf4 b6 11. h3 Bb7 12. 0-0 c5 13. Ne5 Nxe5 14. Bxe5 Bd6 15. f4 c4 16. Bf5 a6 17. Qe2 b5 18. a3 Bc6 19. g4 Ne4 20. Bxe4 dxe4 21. d5 Bb7 22. Rad1 Bxe5 23. fxe5 Qg5 24. Rf5 Qh4 25. Nxe4 Qxh3 26. Rh5 Qxh5 27. gxh5 Rad8 28. Nd6 Ba8 29. e4 f6 30. Qh2 Rd7 31. e6 Re7 32. Nf5 Ra7 33. Qg3 Bxd5 34. exd5 a5 35. e7 b4 36. Qxg7# 1-0

[Event "Alushta Blitz op"]
[Site "Alushta"]
[Date "2023.07.14"]
[Round "8"]
[White "Saratovskiy, Dmitiy"]
[Black "Petrov, Alexander3333"]
[Result "1/2-1/2"]
[WhiteElo "2035"]
[BlackElo "1929"]
[PlyCount "170"]
[EventDate "2023.07.14"]
[EventType "swiss (blitz)"]
[EventRounds "13"]
[EventCountry "UKR"]
[SourceTitle "CBM 215 Extra"]
[Source "ChessBase"]
[SourceDate "2023.09.30"]
[SourceVersion "1"]
[SourceVersionDate "2023.09.30"]
[SourceQuality "1"]

1. d4 Nf6 2. c4 e6 3. Nc3 d5 4. cxd5 Nxd5 5. e4 Nxc3 6. bxc3 c5 7. Nf3 cxd4 8. cxd4 Bb4+ 9. Bd2 Bxd2+ 10. Qxd2 0-0 11. Bb5 a6 12. Bc4 b5 13. Bb3 Bb7 14. d5 exd5 15. Bxd5 Bxd5 16. Qxd5 Nd7 17. 0-0 Nf6 18. Qf5 Qc8 19. Qf4 Qc2 20. e5 Nd5 21. Qh4 Nc3 22. h3 Rad8 23. Kh2 Nxa2 24. Nd4 Qc4 25. Nf5 Qxh4 26. Nxh4 Rd2 27. Nf3 Rb2 28. Kg3 b4 29. Rfd1 Rc8 30. Rd6 Ra8 31. Nd4 h6 32. f4 a5 33. f5 Rd2 34. Nb3 Rb2 35. Nc5 a4 36. e6 fxe6 37. fxe6 Re2 38. e7 Kf7 39. Rd8 Ra5 40. Rxa2 Rxe7 41. Rf2+ Kg6 42. Rd6+ Kh7 43. Ne6 a3 44. Nf8+ Kg8 45. Rd8 a2 46. Ng6+ Kh7 47. Rxa2 Re3+ 48. Kf4 Rxa2 49. Nf8+ Kg8 50. Kxe3 Rxg2 51. Ne6+ Kf7 52. Nf4 Rg3+ 53. Kd2 Rf3 54. Rd4 g5 55. Nd3 Rxh3 56. Rxb4 Kg6 57. Rb6+ Kh5 58. Ke2 Rh2+ 59. Ke3 Ra2 60. Ne5 Ra3+ 61. Kf2 Ra2+ 62. Kg3 Ra3+ 63. Nf3 Rc3 64. Rb5 Ra3 65. Kg2 Ra2+ 66. Kg3 Ra3 67. Kf2 Ra2+ 68. Ke3 Ra3+ 69. Kf2 Ra2+ 70. Kg3 Ra3 71. Rb6 Rc3 72. Kf2 Rc2+ 73. Ke3 Rc3+ 74. Ke4 Ra3 75. Nd4 Ra4 76. Rc6 Rb4 77. Ke5 g4 78. Nf5 Rb5+ 79. Kf4 Rb4+ 80. Kg3 Rb3+ 81. Kf2 Kg5 82. Nxh6 Rb2+ 83. Ke3 Rb3+ 84. Ke2 Rb2+ 85. Kd3 g3 1/2-1/2

[Event "Alushta Rapid op"]
[Site "Alushta"]
[Date "2023.07.13"]
[Round "11"]
[White "Petrov, Alexander3333"]
[Black "Saratovskiy, Dmitiy"]
[Result "0-1"]
[WhiteElo "1929"]
[BlackElo "2035"]
[PlyCount "124"]
[EventDate "2023.07.11"]
[EventType "swiss (rapid)"]
[EventRounds "11"]
[EventCountry "UKR"]
[SourceTitle "CBM 215 Extra"]
[Source "ChessBase"]
[SourceDate "2023.09.30"]
[SourceVersion "1"]
[SourceVersionDate "2023.09.30"]
[SourceQuality "1"]

1. e4 d6 2. d4 Nf6 3. Nc3 e5 4. Nf3 Nbd7 5. Bc4 Be7 6. 0-0 0-0 7. h3 c6 8. a4 a5 9. Be3 Nb6 10. Bb3 Nfd7 11. Qe2 exd4 12. Bxd4 Nc5 13. Qe3 Nbd7 14. Bc4 Ne6 15. Qe2 Nb6 16. Be3 Nxc4 17. Qxc4 Nc7 18. Nd4 Be6 19. Nxe6 fxe6 20. Bb6 d5 21. exd5 exd5 22. Qg4 Bd6 23. Rae1 Qf6 24. Bd4 Qf7 25. f4 Rae8 26. f5 c5 27. Rxe8 Nxe8 28. Bf2 Qxf5 29. Qxf5 Rxf5 30. Nb5 Be7 31. Re1 Kf7 32. g4 Rxf2 33. Kxf2 Bh4+ 34. Ke2 Bxe1 35. Kxe1 Ke6 36. Ke2 Ke5 37. Ke3 Nd6 38. Na3 Nf7 39. h4 Nh8 40. Nb5 Ng6 41. h5 Nf8 42. Nc7 Ne6 43. Ne8 d4+ 44. Kf3 h6 45. b3 Kd5 46. g5 Nxg5+ 47. Kg4 Ne6 48. Kf5 b6 49. Kg6 Nf4+ 50. Kxg7 Nxh5+ 51. Kxh6 Ng3 52. Nc7+ Kc6 53. Nb5 Nf5+ 54. Kg5 Ne3 55. Na3 Kd5 56. Kf4 c4 57. Kf3 c3 58. Kf4 Nxc2 59. Nxc2 d3 60. Ne1 d2 61. Nc2 Kc5 62. Ne3 c2 0-1

[Event "Alushta Rapid op"]
[Site "Alushta"]
[Date "2023.07.13"]
[Round "10"]
[White "Saratovskiy, Dmitiy"]
[Black "Shvedova, Maria"]
[Result "1-0"]
[WhiteElo "2035"]
[BlackElo "1747"]
[PlyCount "79"]
[EventDate "2023.07.11"]
[EventType "swiss (rapid)"]
[EventRounds "11"]
[EventCountry "UKR"]
[SourceTitle "CBM 215 Extra"]
[Source "ChessBase"]
[SourceDate "2023.09.30"]
[SourceVersion "1"]
[SourceVersionDate "2023.09.30"]
[SourceQuality "1"]

1. d4 d5 2. c4 dxc4 3. e4 Nf6 4. e5 Nd5 5. Bxc4 e6 6. Nf3 c5 7. 0-0 Nc6 8. Bg5 Be7 9. Bxe7 Qxe7 10. dxc5 Qxc5 11. Nbd2 0-0 12. Rc1 Rd8 13. Bd3 Qe7 14. Qa4 Ndb4 15. Bb1 Nxe5 16. Nxe5 Rxd2 17. Rc7 Bd7 18. Rxd7 Rxd7 19. Qxd7 Qxd7 20. Nxd7 Rd8 21. Nc5 b6 22. Nb3 Kf8 23. g3 Ke7 24. a3 Nc6 25. Rc1 Ne5 26. Rc7+ Rd7 27. Rxd7+ Kxd7 28. Nd2 f5 29. Kf1 Kd6 30. Ke2 g5 31. h3 h5 32. Ke3 Ng6 33. Nf3 g4 34. hxg4 hxg4 35. Nd4 a6 36. Bd3 b5 37. Nc2 Ne5 38. Nb4 a5 39. Nc2 Kc5 40. Nd4 1-0

[Event "Alushta Rapid op"]
[Site "Alushta"]
[Date "2023.07.12"]
[Round "5"]
[White "Saratovskiy, Dmitiy"]
[Black "Skorobogatykh, Andrey"]
[Result "1-0"]
[WhiteElo "2035"]
[BlackElo "1970"]
[PlyCount "34"]
[EventDate "2023.07.11"]
[EventType "swiss (rapid)"]
[EventRounds "11"]
[EventCountry "UKR"]
[SourceTitle "CBM 215 Extra"]
[Source "ChessBase"]
[SourceDate "2023.09.30"]
[SourceVersion "1"]
[SourceVersionDate "2023.09.30"]
[SourceQuality "1"]

1. d4 e6 2. c4 b6 3. Nc3 Bb4 4. e4 Bb7 5. f3 Qh4+ 6. g3 Qe7 7. Bg2 f5 8. Nge2 fxe4 9. fxe4 Nf6 10. 0-0 Bxc3 11. Nxc3 e5 12. dxe5 Qxe5 13. Rf5 Qe6 14. Nd5 Nxd5 15. cxd5 Qe7 16. Bf4 Na6 17. Re5 Nb8 1-0

[Event "Alushta op"]
[Site "Alushta"]
[Date "2023.07.07"]
[Round "6"]
[White "Kalinin, Sergey"]
[Black "Saratovskiy, Dmitiy"]
[Result "0-1"]
[WhiteElo "2197"]
[BlackElo "2035"]
[PlyCount "64"]
[EventDate "2023.07.02"]
[EventType "swiss"]
[EventRounds "9"]
[EventCountry "UKR"]
[SourceTitle "CBM 215 Extra"]
[Source "ChessBase"]
[SourceDate "2023.09.30"]
[SourceVersion "1"]
[SourceVersionDate "2023.09.30"]
[SourceQuality "1"]

1. e4 d6 2. d4 Nf6 3. Bd3 e5 4. c3 g6 5. Ne2 Bg7 6. 0-0 0-0 7. Nd2 Nc6 8. d5 Ne7 9. f4 Ng4 10. Nc4 exf4 11. Nxf4 Bd7 12. a4 Nc8 13. Be2 Qh4 14. Bxg4 Bxg4 15. Qd3 Nb6 16. Ne3 Bc8 17. Bd2 Nd7 18. Qc2 a5 19. Ra2 Re8 20. Nd1 b6 21. b4 Ba6 22. b5 Bc8 23. Be3 Nc5 24. g3 Qe7 25. Bxc5 bxc5 26. Nf2 Qe5 27. Ra3 Bd7 28. N4d3 Qg5 29. Ne1 f5 30. Nf3 Qe3 31. Kg2 fxe4 32. Nd2 Qe2 0-1

[Event "Yalta Yialos Blitz"]
[Site "Yalta"]
[Date "2022.08.31"]
[Round "13"]
[White "Saratovskiy, Dmitiy"]
[Black "Triapishko, Alexandr"]
[Result "1/2-1/2"]
[WhiteElo "2035"]
[BlackElo "2506"]
[PlyCount "120"]
[EventDate "2022.08.31"]
[EventType "swiss (blitz)"]
[EventRounds "13"]
[EventCountry "UKR"]
[SourceTitle "CBM 210 Extra"]
[Source "ChessBase"]
[SourceDate "2022.11.30"]
[SourceVersion "1"]
[SourceVersionDate "2022.11.30"]
[SourceQuality "1"]

1. d4 Nf6 2. c4 e6 3. Nc3 Bb4 4. f3 d5 5. a3 Be7 6. e4 dxe4 7. fxe4 c5 8. d5 exd5 9. exd5 0-0 10. Be2 Re8 11. Nf3 Bg4 12. 0-0 Nbd7 13. d6 Bf8 14. Nb5 Rb8 15. Nxa7 Bxd6 16. Qxd6 Rxe2 17. Nb5 Qb6 18. Qxb6 Nxb6 19. Bf4 Rbe8 20. Nd6 R8e7 21. b4 Nh5 22. Bg5 f6 23. Bh4 Rc2 24. Rac1 Ree2 25. Rxc2 Rxc2 26. bxc5 Na4 27. Nxb7 Rxc4 28. Bf2 Nf4 29. Rd1 Nb2 30. Rd8+ Kf7 31. Nd6+ Ke7 32. Nxc4 Nxc4 33. Rh8 Bf5 34. Nd4 Be4 35. a4 Nxg2 36. Rxh7 Bxh7 37. Kxg2 Be4+ 38. Kg3 f5 39. Kf4 g6 40. Bh4+ Kd7 41. Kg5 Ne5 42. Bg3 Nd3 43. c6+ Bxc6 44. Nxc6 Kxc6 45. Kxg6 f4 46. Bxf4 Nxf4+ 47. Kf5 Nh3 48. Kg4 Nf2+ 49. Kg3 Ne4+ 50. Kf4 Nf6 51. h4 Kb6 52. Kg5 Ne4+ 53. Kf5 Ng3+ 54. Kf4 Nh5+ 55. Kg4 Nf6+ 56. Kg5 Ne4+ 57. Kg4 Ka5 58. h5 Nf6+ 59. Kg5 Nxh5 60. Kxh5 Kxa4 1/2-1/2

[Event "Yalta Yialos Blitz"]
[Site "Yalta"]
[Date "2022.08.31"]
[Round "12"]
[White "Savvopulo, Anatolij"]
[Black "Saratovskiy, Dmitiy"]
[Result "1-0"]
[WhiteElo "2005"]
[BlackElo "2035"]
[PlyCount "78"]
[EventDate "2022.08.31"]
[EventType "swiss (blitz)"]
[EventRounds "13"]
[EventCountry "UKR"]
[SourceTitle "CBM 210 Extra"]
[Source "ChessBase"]
[SourceDate "2022.11.30"]
[SourceVersion "1"]
[SourceVersionDate "2022.11.30"]
[SourceQuality "1"]

1. d4 d5 2. c4 e6 3. Nc3 Nf6 4. cxd5 exd5 5. Bg5 Be7 6. e3 c6 7. Bd3 0-0 8. Qc2 Nbd7 9. Nge2 Re8 10. 0-0 Nf8 11. f3 h6 12. Bh4 N6h7 13. Bxe7 Qxe7 14. e4 dxe4 15. fxe4 Bg4 16. Rae1 Bxe2 17. Rxe2 Rad8 18. d5 Qe5 19. Ref2 Qd4 20. Kh1 Nf6 21. h3 Ng6 22. Ne2 Qb6 23. Rxf6 gxf6 24. Rxf6 Kg7 25. Qc3 Ne5 26. Rf5 f6 27. Nf4 cxd5 28. Nxd5 Rxd5 29. exd5 Qd6 30. Be4 Re7 31. Qg3+ Kh8 32. Qh4 Nf7 33. Qxf6+ Qxf6 34. Rxf6 Kg7 35. Rg6+ Kf8 36. Bf3 Re1+ 37. Kh2 Ra1 38. d6 Rxa2 39. Bd5 Rxb2 1-0

[Event "Yalta Yialos Rapid"]
[Site "Yalta"]
[Date "2022.08.03"]
[Round "10"]
[White "Saratovskiy, Dmitiy"]
[Black "Savvopulo, Anatolij"]
[Result "1-0"]
[WhiteElo "2035"]
[BlackElo "2005"]
[PlyCount "121"]
[EventDate "2022.08.01"]
[EventType "swiss (rapid)"]
[EventRounds "11"]
[EventCountry "UKR"]
[SourceTitle "EXT 2023"]
[Source "ChessBase"]
[SourceDate "2022.10.05"]
[SourceVersion "1"]
[SourceVersionDate "2022.10.05"]
[SourceQuality "1"]

1. d4 Nf6 2. c4 e6 3. Nc3 d5 4. cxd5 exd5 5. Bg5 c6 6. e3 Bf5 7. Qf3 Bg6 8. Bxf6 Qxf6 9. Qxf6 gxf6 10. h4 h5 11. Rc1 Nd7 12. Nge2 Bd6 13. f4 Bf5 14. Ng3 Bg4 15. Bd3 0-0 16. Kf2 Rfe8 17. Be2 Kh7 18. Nxh5 Bxh5 19. Bxh5 Re7 20. Bg4 Nf8 21. Bf5+ Kh8 22. Ne2 Rae8 23. Rc3 Bb4 24. Rb3 a5 25. a3 Bd6 26. Rc3 Nd7 27. Bxd7 Rxd7 28. Ng3 Bc7 29. Nf5 a4 30. g4 Ba5 31. Rcc1 Rdd8 32. Kf3 Re6 33. Rh2 Rde8 34. h5 Bc7 35. Rc3 Ba5 36. Rd3 Bd8 37. h6 Kh7 38. Ng7 Rg8 39. Nxe6 fxe6 40. Rd1 Rg6 41. Rdh1 Be7 42. Rh5 Bf8 43. R1h2 Bd6 44. R2h4 Be7 45. Rh1 Rg8 46. R1h2 Bd6 47. Rg2 Be7 48. e4 dxe4+ 49. Kxe4 f5+ 50. Kf3 fxg4+ 51. Rxg4 Rxg4 52. Kxg4 Bf6 53. Ra5 Bxd4 54. Rxa4 Bxb2 55. Kh5 Bc1 56. Rd4 Bxa3 57. Rd7+ Kg8 58. Kg6 Kf8 59. h7 Bb2 60. Rf7+ Ke8 61. Rg7 1-0

[Event "Alushta Blitz op"]
[Site "Alushta"]
[Date "2022.07.02"]
[Round "6"]
[White "Saratovskiy, Dmitiy"]
[Black "Lugovskoy, Maxim"]
[Result "1-0"]
[WhiteElo "2035"]
[BlackElo "2397"]
[PlyCount "53"]
[EventDate "2022.07.02"]
[EventType "swiss (blitz)"]
[EventRounds "13"]
[EventCountry "UKR"]
[SourceTitle "CBM 209 Extra"]
[Source "ChessBase"]
[SourceDate "2022.09.30"]
[SourceVersion "1"]
[SourceVersionDate "2022.09.30"]
[SourceQuality "1"]

1. d4 d5 2. c4 e6 3. Nc3 a6 4. Nf3 dxc4 5. a4 Nc6 6. e4 Na5 7. Be2 Nf6 8. 0-0 Be7 9. Ne5 Nb3 10. Be3 Nxa1 11. Qxa1 0-0 12. Bxc4 b5 13. axb5 Bb7 14. bxa6 Nxe4 15. axb7 Rxa1 16. Rxa1 Nxc3 17. Ra8 Qxa8 18. bxa8Q Rxa8 19. bxc3 Ra1+ 20. Bf1 g5 21. g3 f5 22. Kg2 Kg7 23. Bc4 Kf6 24. h4 h6 25. hxg5+ hxg5 26. Nf3 g4 27. Bg5+ 1-0

[Event "Alushta Blitz op"]
[Site "Alushta"]
[Date "2022.07.02"]
[Round "12"]
[White "Saratovskiy, Dmitiy"]
[Black "Smirnov, Pavel"]
[Result "0-1"]
[WhiteElo "2035"]
[BlackElo "2544"]
[PlyCount "78"]
[EventDate "2022.07.02"]
[EventType "swiss (blitz)"]
[EventRounds "13"]
[EventCountry "UKR"]
[SourceTitle "CBM 209 Extra"]
[Source "ChessBase"]
[SourceDate "2022.09.30"]
[SourceVersion "1"]
[SourceVersionDate "2022.09.30"]
[SourceQuality "1"]

1. d4 Nf6 2. c4 e6 3. Nc3 Bb4 4. f3 c5 5. a3 Bxc3+ 6. bxc3 d5 7. cxd5 Nxd5 8. dxc5 Qa5 9. Nh3 0-0 10. e4 Ne7 11. Qb3 Qxc5 12. Be2 b6 13. Nf2 Ba6 14. Bxa6 Nxa6 15. 0-0 Nc6 16. Bf4 Na5 17. Qc2 Rac8 18. Rfc1 e5 19. Bg5 f6 20. Bh4 Rfd8 21. Kh1 Qc4 22. Rab1 Nc5 23. Rb4 Qf7 24. h3 Nc4 25. Qe2 Na5 26. Rbb1 Qc4 27. Qc2 h5 28. Nd1 Ncb3 29. Ne3 Qd3 30. Qa2 Qxe3 31. Rxb3 Qxc1+ 32. Kh2 Nxb3 33. Qxb3+ Kh7 34. Qf7 Qf4+ 35. Bg3 Qh6 36. Qe7 Rd2 37. Qe6 Rxc3 38. Qf5+ Qg6 39. Qe6 Rcc2 0-1

[Event "Alushta Blitz op"]
[Site "Alushta"]
[Date "2022.07.02"]
[Round "8"]
[White "Vastrukhin, Oleg"]
[Black "Saratovskiy, Dmitiy"]
[Result "0-1"]
[WhiteElo "2367"]
[BlackElo "2035"]
[PlyCount "42"]
[EventDate "2022.07.02"]
[EventType "swiss (blitz)"]
[EventRounds "13"]
[EventCountry "UKR"]
[SourceTitle "CBM 209 Extra"]
[Source "ChessBase"]
[SourceDate "2022.09.30"]
[SourceVersion "1"]
[SourceVersionDate "2022.09.30"]
[SourceQuality "1"]

1. Nf3 d6 2. d4 Bg4 3. e4 Nf6 4. Nc3 e6 5. Be3 Be7 6. h3 Bh5 7. Bd3 a6 8. g4 Bg6 9. Nh4 Bxe4 10. Nxe4 Nxe4 11. Bxe4 d5 12. Nf5 Bf6 13. g5 exf5 14. gxf6 fxe4 15. fxg7 Rg8 16. Qh5 Nd7 17. Qxh7 Nf6 18. Qh6 Qd6 19. 0-0-0 0-0-0 20. Bg5 Ne8 21. Bxd8 Qxh6+ 0-1

[Event "Black Sea GP Blitz"]
[Site "Evpatoria"]
[Date "2021.10.30"]
[Round "11"]
[White "Ivanov, Maxim"]
[Black "Saratovskiy, Dmitiy"]
[Result "0-1"]
[WhiteElo "1749"]
[BlackElo "2035"]
[PlyCount "108"]
[EventDate "2021.10.30"]
[EventType "swiss (blitz)"]
[EventRounds "13"]
[EventCountry "UKR"]
[SourceTitle "EXT 2023"]
[Source "ChessBase"]
[SourceDate "2022.10.05"]
[SourceVersion "1"]
[SourceVersionDate "2022.10.05"]
[SourceQuality "1"]

1. f4 e5 2. fxe5 d6 3. exd6 Bxd6 4. Nf3 g5 5. g3 g4 6. Nh4 Ne7 7. Bg2 Ng6 8. Nxg6 hxg6 9. d4 Rxh2 10. Qd3 Rxh1+ 11. Bxh1 Bf5 12. e4 Qe7 13. Nc3 c6 14. Bd2 Na6 15. a3 0-0-0 16. 0-0-0 Be6 17. Bf4 Bxa3 18. bxa3 Qxa3+ 19. Kd2 Nb4 20. Nb1 Qb2 21. Qc3 Rxd4+ 22. Ke3 Nxc2+ 23. Kf2 Qxc3 24. Nxc3 Rxd1 25. Nxd1 b5 26. Ke2 Bc4+ 27. Kd2 Nd4 28. Ne3 Be6 29. Kc3 Ne2+ 30. Kd2 Nd4 31. Be5 Nb3+ 32. Kc3 Nc5 33. Bd4 Na4+ 34. Kb4 Kb7 35. e5 Nb6 36. Kc3 a5 37. Be4 Na4+ 38. Kc2 Kc7 39. Nd1 c5 40. Be3 b4 41. Nb2 b3+ 42. Kc1 Nc3 43. Bg2 Ne2+ 44. Kd2 Nxg3 45. Bxc5 Nh5 46. Ke3 Ng3 47. Na4 Nf5+ 48. Kd2 Nh4 49. Bd6+ Kd8 50. Be4 g3 51. Ke1 Bc4 52. Nb2 Bb5 53. Nd3 a4 54. Kf1 b2 0-1

[Event "Black Sea GP Blitz"]
[Site "Evpatoria"]
[Date "2021.10.30"]
[Round "4"]
[White "Krepkiy, Igor"]
[Black "Saratovskiy, Dmitiy"]
[Result "0-1"]
[WhiteElo "1439"]
[BlackElo "2035"]
[PlyCount "90"]
[EventDate "2021.10.30"]
[EventType "swiss (blitz)"]
[EventRounds "13"]
[EventCountry "UKR"]
[SourceTitle "EXT 2023"]
[Source "ChessBase"]
[SourceDate "2022.10.05"]
[SourceVersion "1"]
[SourceVersionDate "2022.10.05"]
[SourceQuality "1"]

1. d4 d6 2. c4 e5 3. dxe5 dxe5 4. Qxd8+ Kxd8 5. Nc3 Be6 6. e3 c6 7. Nf3 f6 8. b3 Nd7 9. Bb2 Kc7 10. 0-0-0 a5 11. a4 Nc5 12. Kc2 Bf5+ 13. e4 Nxe4 14. Nxe4 Bxe4+ 15. Kc1 Bc5 16. Nxe5 fxe5 17. Bxe5+ Kb6 18. Bxg7 Ne7 19. Bxh8 Rxh8 20. Bd3 Bxd3 21. Rxd3 Nf5 22. f3 Re8 23. g4 Nd4 24. Rhd1 Ne2+ 25. Kb2 Bb4 26. Rd7 Nc3 27. R1d2 Re1 28. h4 Re6 29. Rg2 Ne2 30. Rxh7 Nf4 31. Rc2 Nd3+ 32. Ka2 Bc5 33. g5 Nb4+ 34. Kb2 Bd4+ 35. Kc1 Re1+ 36. Kd2 Rg1 37. Rc1 Rg2+ 38. Kd1 Be3 39. Rc2 Rxc2 40. Ke1 Nd3+ 41. Kf1 Rf2+ 42. Kg1 Ne5 43. c5+ Bxc5 44. g6 Nxf3+ 45. Kh1 Rh2# 0-1

[Event "Sochi Amateur op 6th"]
[Site "Sochi"]
[Date "2019.04.13"]
[Round "9"]
[White "Saratovskiy, Dmitiy"]
[Black "Shanava, Timur"]
[Result "1-0"]
[WhiteElo "2017"]
[BlackElo "1939"]
[PlyCount "83"]
[EventDate "2019.04.07"]
[EventType "swiss"]
[EventRounds "9"]
[EventCountry "RUS"]
[SourceTitle "CBM 189 Extra"]
[Source "ChessBase"]
[SourceDate "2019.06.03"]
[SourceVersion "1"]
[SourceVersionDate "2019.06.03"]
[SourceQuality "1"]

1. d4 c5 2. d5 e5 3. c4 d6 4. e4 Be7 5. Nf3 Bg4 6. Nc3 a6 7. a4 Bxf3 8. Qxf3 Bg5 9. Bxg5 Qxg5 10. h4 Qd8 11. g3 Nf6 12. Bh3 h5 13. Qe2 Nbd7 14. f4 Qb6 15. Rf1 Ke7 16. Kf2 Rae8 17. Kg2 Kf8 18. Rae1 Rh6 19. Bf5 Qb4 20. Ra1 Qa5 21. Rfe1 Re7 22. Ra3 Qc7 23. Qf3 Qb6 24. Re2 Qb4 25. Qd3 Nb6 26. a5 Qxc4 27. Qc2 Nfxd5 28. exd5 Nxd5 29. Nxd5 Qxd5+ 30. Be4 Qe6 31. f5 Qd7 32. Rd2 Qb5 33. Rad3 Qxa5 34. Rxd6 Rxd6 35. Rxd6 Qb4 36. Qd3 Qxb2+ 37. Kh3 Re8 38. Rd8 Qb6 39. Rd7 Re7 40. Bxb7 c4 41. Rd8+ Re8 42. Qa3+ 1-0

[Event "Sochi Amateur op 6th"]
[Site "Sochi"]
[Date "2019.04.08"]
[Round "3"]
[White "Saratovskiy, Dmitiy"]
[Black "Beletsky, Alexey"]
[Result "1/2-1/2"]
[WhiteElo "2017"]
[BlackElo "2336"]
[PlyCount "70"]
[EventDate "2019.04.07"]
[EventType "swiss"]
[EventRounds "9"]
[EventCountry "RUS"]
[SourceTitle "CBM 189 Extra"]
[Source "ChessBase"]
[SourceDate "2019.06.03"]
[SourceVersion "1"]
[SourceVersionDate "2019.06.03"]
[SourceQuality "1"]

1. d4 d6 2. c4 e5 3. Nf3 exd4 4. Nxd4 g6 5. Nc3 Bg7 6. e4 Ne7 7. Be3 Nbc6 8. Nxc6 Nxc6 9. Qd2 Be6 10. Be2 0-0 11. h4 h5 12. Bg5 Qd7 13. Nd5 Bxd5 14. exd5 Nd4 15. 0-0 Nxe2+ 16. Qxe2 Rfe8 17. Qc2 Qf5 18. Rac1 Qxc2 19. Rxc2 f6 20. Be3 b6 21. g3 a5 22. b3 f5 23. a4 Re4 24. Bg5 Rae8 25. Kg2 Bd4 26. Kf3 Kf7 27. Rd1 Bc5 28. Rdd2 Re1 29. Re2 R8xe2 30. Rxe2 Rb1 31. Re7+ Kf8 32. Rd7 Rxb3+ 33. Kg2 Rb2 34. Rd8+ Kf7 35. Rd7+ Kf8 1/2-1/2

[Event "Moscow op-A 15th"]
[Site "Moscow"]
[Date "2019.01.31"]
[Round "6"]
[White "Guliev, Gasan"]
[Black "Saratovskiy, Dmitiy"]
[Result "1-0"]
[WhiteElo "2187"]
[BlackElo "2059"]
[PlyCount "103"]
[EventDate "2019.01.26"]
[EventType "swiss"]
[EventRounds "9"]
[EventCountry "RUS"]
[SourceTitle "CBM 188 Extra"]
[Source "ChessBase"]
[SourceDate "2019.02.26"]
[SourceVersion "1"]
[SourceVersionDate "2019.02.26"]
[SourceQuality "1"]

1. d4 d6 2. Nf3 Bg4 3. Nbd2 Nf6 4. e4 e6 5. Bd3 Be7 6. 0-0 0-0 7. Re1 c5 8. h3 Bh5 9. d5 e5 10. a3 Nbd7 11. c4 Ne8 12. Bc2 f6 13. Ba4 Bf7 14. Rb1 g6 15. Nf1 Ng7 16. Bh6 f5 17. exf5 gxf5 18. Bc2 e4 19. N3d2 Bg5 20. Bxg7 Kxg7 21. f3 Ne5 22. Ng3 Bg6 23. fxe4 fxe4 24. Ngxe4 Bf4 25. b4 b6 26. Rb3 Rf7 27. Rf1 b5 28. bxc5 bxc4 29. Rc3 dxc5 30. Nxc4 Nxc4 31. Rxc4 Be3+ 32. Kh1 Rxf1+ 33. Qxf1 Qb6 34. Rc3 Rf8 35. Qe1 Bd4 36. Rb3 Qa6 37. Bd3 c4 38. Rb4 cxd3 39. Rxd4 Re8 40. Qc3 Kg8 41. Nc5 Qf6 42. Nxd3 Re3 43. Qc8+ Kg7 44. Rf4 Qd6 45. Qc5 Qxc5 46. Nxc5 Bf7 47. Rd4 Bxd5 48. Rxd5 Rxa3 49. Rd7+ Kg6 50. Kh2 h5 51. Rd6+ Kg5 52. Ra6 1-0